000 00235nam a2200097Ia 4500
001 703453
005 20250826162352.0
008 250824s9999 xx 000 0 und d
245 0 _aUZUN HİKAYE
_cMUSTAFA KUTLU
260 _bDERGAH YAYINLARI
999 _c703453
_d703453